Statistics for NOT a real city! #3 (multi)

Click here to take the quiz!

General Stats

  • This quiz has been taken 2 times
  • The average score is 5 of 15

Answer Stats

QuestionAnswer% Correct
...in Indonesia?Gudbai
100%
...in Pakistan?Inbank
100%
...in Greece?300
50%
...in Mongolia?Acappella
50%
...in USA?Conspiracy
50%
...in Estonia?Eminem
50%
...in Taiwan?Nauwat
50%
...in New Zealand?Winsall
50%
...in Italy?Cicciolina
0%
...in England?Fornaught
0%
...in Niger?Kaboom
0%
...in Austria?Krystalskul
0%
...in Vietnam?Nô Nàu
0%
...in Belgium?Pubis
0%
...in Guatemala?Teetime
0%

Score Distribution

Percentile by Number Answered

Percent of People with Each Score

Your Score History

You have not taken this quiz